La neutralidad y la paz de Costa Rica
Guardado en:
| Hovedforfatter: | |
|---|---|
| Institution som forfatter: | |
| Format: | Texto |
| Udgivet: |
San José:
Ministerio de Información y Comunicación
|
| Tags: |
Tilføj Tag
Ingen Tags, Vær først til at tagge denne postø!
|
MARC
| LEADER | 00000 a a2200000 04500 | ||
|---|---|---|---|
| 001 | 21175 | ||
| 003 | |||
| 040 | |||
| 090 | |a 092100 | ||
| 100 | |a Vargas Araya, Armando | ||
| 110 | |a Costa Rica. Ministerio de Información y Comunicación | ||
| 245 | |a La neutralidad y la paz de Costa Rica | ||
| 260 | |a San José: |b Ministerio de Información y Comunicación | ||
| 300 | |a 64 p. | ||
| 999 | |c 15666 |d 15666 | ||
